Statistics for Countries with the Lowest Literacy Rates

Click here to take the quiz!

General Stats

  • This quiz has been taken 95 times
  • The average score is 16 of 20

Answer Stats

Literacy RateCountry% Correct
35.4%Chad
93%
33.4%Mali
93%
28.7%Niger
93%
37.8%Somalia
93%
56.6%Central African Republic
91%
27%South Sudan
90%
41%Guinea
84%
55.3%Guinea-Bissau
83%
39%Ethiopia
81%
49.7%Senegal
81%
42.4%Benin
80%
51.1%Gambia
80%
28.1%Afghanistan
76%
43.3%Sierra Leone
76%
28.7%Burkina Faso
74%
56.9%Ivory Coast
65%
56.1%Mozambique
64%
48.7%Haiti
60%
54.9%Pakistan
56%
52.8%Bhutan
38%

Score Distribution

Percentile by Number Answered

Percent of People with Each Score

Your Score History

You have not taken this quiz